| 000 | 00567nam a22001937a 4500 | ||
|---|---|---|---|
| 005 | 20171023163343.0 | ||
| 010 | _aENG-120896 | ||
| 020 |
_c255.00 _a9788123773780 |
||
| 035 | _aEN-104428 | ||
| 037 | _bDBAD/PUB | ||
| 082 | _aS | ||
| 100 | _aNathan,S.R. | ||
| 245 |
_a(Fifty) 50 stories from my life / _cby S.R. Nathan |
||
| 260 |
_aNew Delhi _bNational Book Trust _c2015 |
||
| 270 |
_aNrhru Bhawan,5 Institutional Area, Phase-II,Vasant Kunj _bNew Delhi _e110070 |
||
| 300 |
_aix,173 : _c22cm(pbk) _bill. |
||
| 500 | _aIncludes index | ||
| 942 |
_2ddc _cEN _hS _mNAT |
||
| 999 |
_c146785 _d146785 |
||